[Event "Biel HTO 55th"]
[Site "Biel"]
[Date "2022.07.19"]
[Round "6"]
[White "Kittler, Thorsten"]
[Black "Akshit, Kumar J"]
[Result "1-0"]
[WhiteElo "2226"]
[BlackElo "2103"]
[PlyCount "109"]
[EventDate "2022.07.13"]
[EventType "swiss"]
[EventRounds "9"]
[EventCountry "SUI"]
[SourceTitle "CBM 209 Extra"]
[Source "ChessBase"]
[SourceDate "2022.09.30"]
[SourceVersion "1"]
[SourceVersionDate "2022.09.30"]
[SourceQuality "1"]

1. d4 d5 2. Nf3 Nf6 3. g3 c6 4. Bg2 Bf5 5. 0-0 e6 6. b3 Nbd7 7. c4 Be7 8. Nbd2 h6 9. Bb2 0-0 10. Ne5 Nxe5 11. dxe5 Nd7 12. e4 dxe4 13. Nxe4 Nc5 14. Qe2 Bxe4 15. Bxe4 Nxe4 16. Qxe4 Qa5 17. Qc2 Rad8 18. Bc3 Qa3 19. Rad1 a5 20. Qb2 Qxb2 21. Bxb2 Bb4 22. a4 b6 23. Bd4 c5 24. Be3 Bc3 25. f4 Rfe8 26. Kf2 Kf8 27. Ke2 Ke7 28. g4 Rxd1 29. Rxd1 Rd8 30. Rxd8 Kxd8 31. h4 Ke7 32. h5 Kf8 33. Bf2 f6 34. Kd3 Bb2 35. exf6 Bxf6 36. Ke4 Ke7 37. Be3 Bc3 38. Bf2 Bf6 39. Bg3 Kd7 40. Bh2 Bd8 41. Bg3 Bf6 42. Be1 Bb2 43. Bd2 Bf6 44. Bc1 Bc3 45. g5 Kd6 46. Be3 hxg5 47. fxg5 g6 48. hxg6 Bg7 49. Bf2 e5 50. Kf5 Bh8 51. Bg3 Bg7 52. Bh2 Bh8 53. g7 Bxg7 54. Kg6 Bf8 55. Kf7 1-0

[Event "Biel HTO 55th"]
[Site "Biel"]
[Date "2022.07.15"]
[Round "3"]
[White "Mohammad, Nubairshah Shaikh"]
[Black "Kittler, Thorsten"]
[Result "1-0"]
[WhiteElo "2445"]
[BlackElo "2226"]
[PlyCount "77"]
[EventDate "2022.07.13"]
[EventType "swiss"]
[EventRounds "9"]
[EventCountry "SUI"]
[SourceTitle "CBM 209 Extra"]
[Source "ChessBase"]
[SourceDate "2022.09.30"]
[SourceVersion "1"]
[SourceVersionDate "2022.09.30"]
[SourceQuality "1"]

1. Nf3 c5 2. g3 Nf6 3. Bg2 Nc6 4. 0-0 e6 5. c4 Be7 6. d4 cxd4 7. Nxd4 Nxd4 8. Qxd4 0-0 9. Nc3 d6 10. b3 a6 11. Rd1 Qc7 12. Na4 Rd8 13. Qb6 Qxb6 14. Nxb6 Rb8 15. c5 Ne8 16. Bf4 Bf6 17. cxd6 Bxa1 18. d7 e5 19. Rxa1 Bxd7 20. Bxe5 Bc6 21. Bxb8 Bxg2 22. Kxg2 Rxb8 23. Rd1 Nf6 24. f3 Re8 25. e4 g6 26. Rd6 Kg7 27. h4 h6 28. g4 g5 29. h5 Re7 30. Rxf6 Kxf6 31. Nd5+ Ke6 32. Nxe7 Kxe7 33. f4 f6 34. Kf3 Ke6 35. b4 b6 36. a4 a5 37. b5 Kd6 38. e5+ Ke6 39. fxg5 1-0

[Event "Locarno op 7th"]
[Site "Locarno"]
[Date "2022.04.10"]
[Round "5"]
[White "Paleologu, Vladimir"]
[Black "Kittler, Thorsten"]
[Result "1/2-1/2"]
[WhiteElo "2019"]
[BlackElo "2238"]
[PlyCount "128"]
[EventDate "2022.04.08"]
[EventType "swiss"]
[EventRounds "5"]
[EventCountry "SUI"]
[SourceTitle "CBM 207 Extra"]
[Source "ChessBase"]
[SourceDate "2022.05.31"]
[SourceVersion "1"]
[SourceVersionDate "2022.05.31"]
[SourceQuality "1"]

1. e4 c5 2. Nc3 d6 3. d4 cxd4 4. Qxd4 Nc6 5. Qd2 Nf6 6. b3 g6 7. Bb2 Bg7 8. 0-0-0 0-0 9. f3 Qa5 10. Kb1 h5 11. g3 Bd7 12. h3 Rfc8 13. g4 Nh7 14. Nge2 h4 15. f4 Be8 16. Bg2 Rc7 17. Nd5 Qxd2 18. Rxd2 Rd7 19. Rhd1 Bxb2 20. Kxb2 f6 21. c4 Rad8 22. Ndc3 Nf8 23. Ng1 g5 24. Nce2 Ne6 25. Nf3 Kg7 26. Rd5 Kh6 27. fxg5+ fxg5 28. a3 a5 29. Kc3 b6 30. Rb5 Rb8 31. Rdd5 Nc7 32. Rxg5 Nxb5+ 33. Rxb5 e5 34. Rd5 Bg6 35. Nxh4 Ne7 36. Rd2 Rf8 37. Nf5+ Bxf5 38. exf5 Kg5 39. Rd3 Rfd8 40. Rf3 Ng8 41. Rd3 Nf6 42. Bc6 Rc7 43. Bd5 b5 44. Ng3 Rh8 45. Ne4+ Nxe4+ 46. Bxe4 bxc4 47. bxc4 Rhc8 48. Bd5 Rh8 49. Kb3 Rch7 50. Bg2 Rh6 51. Ka4 Rc8 52. Rc3 Rc5 53. Bd5 Rh8 54. Kb3 Rc7 55. Rd3 Rb8+ 56. Ka4 Rc5 57. Re3 Rh8 58. Kb3 Rhc8 59. Rd3 Rh8 60. Bg2 Rb8+ 61. Kc3 Rbc8 62. Bd5 Rh8 63. Bg2 Rhc8 64. Bd5 Rh8 1/2-1/2

[Event "Locarno op 7th"]
[Site "Locarno"]
[Date "2022.04.09"]
[Round "3"]
[White "Karnaukh, Anatolij"]
[Black "Kittler, Thorsten"]
[Result "1/2-1/2"]
[WhiteElo "2026"]
[BlackElo "2238"]
[PlyCount "76"]
[EventDate "2022.04.08"]
[EventType "swiss"]
[EventRounds "5"]
[EventCountry "SUI"]
[SourceTitle "CBM 207 Extra"]
[Source "ChessBase"]
[SourceDate "2022.05.31"]
[SourceVersion "1"]
[SourceVersionDate "2022.05.31"]
[SourceQuality "1"]

1. d4 Nf6 2. Nf3 d5 3. c4 e6 4. Nc3 c6 5. cxd5 exd5 6. Bg5 Be7 7. e3 Qb6 8. a3 Bf5 9. Na4 Qc7 10. Be2 Nbd7 11. 0-0 0-0 12. Rc1 Bd6 13. Bxf6 Nxf6 14. Nc5 Rae8 15. Re1 Ne4 16. g3 Bc8 17. Nxe4 dxe4 18. Nd2 Qe7 19. f4 exf3 20. Bxf3 Bc7 21. Bg2 Qg5 22. Nf3 Qh6 23. Qa4 Re7 24. Rc3 Rfe8 25. Nd2 Be6 26. Nf1 Bb6 27. Rd1 Bg4 28. Rd2 Qg5 29. Rf2 g6 30. Rf4 Be6 31. Kh1 Bc7 32. Rf2 Bd5 33. Kg1 Bb6 34. Bxd5 Qxd5 35. Qc4 Qxc4 36. Rxc4 Rd7 37. Kg2 Rd5 38. Rfc2 f5 1/2-1/2

[Event "Locarno op 7th"]
[Site "Locarno"]
[Date "2022.04.09"]
[Round "2"]
[White "Kittler, Thorsten"]
[Black "Spagnoli, Benjamin"]
[Result "1-0"]
[WhiteElo "2238"]
[BlackElo "1779"]
[PlyCount "89"]
[EventDate "2022.04.08"]
[EventType "swiss"]
[EventRounds "5"]
[EventCountry "SUI"]
[SourceTitle "CBM 207 Extra"]
[Source "ChessBase"]
[SourceDate "2022.05.31"]
[SourceVersion "1"]
[SourceVersionDate "2022.05.31"]
[SourceQuality "1"]

1. Nf3 Nf6 2. d4 g6 3. g3 Bg7 4. Bg2 0-0 5. 0-0 d5 6. c4 dxc4 7. Ne5 c6 8. Nxc4 Be6 9. Ne5 Nbd7 10. Nf3 Nb6 11. Nc3 Nbd5 12. Ng5 Bd7 13. Qb3 h6 14. Nf3 Qb6 15. Qxb6 axb6 16. Nxd5 Nxd5 17. Ne5 Be6 18. Bd2 Rfd8 19. a3 b5 20. e3 Nb6 21. Nf3 Nc4 22. Bc3 Nb6 23. Rac1 Na4 24. Rfd1 Nxc3 25. Rxc3 Ra4 26. Ne1 b4 27. axb4 Rxb4 28. Nd3 Rb5 29. Rc5 Rb3 30. Rd2 Ra8 31. Nc1 Ra1 32. Bf1 Rb4 33. Kg2 Rb1 34. Rcc2 Bd5+ 35. f3 e5 36. e4 Be6 37. d5 cxd5 38. exd5 Bf5 39. Bd3 e4 40. Bxe4 Bxe4 41. fxe4 Rxe4 42. Rc8+ Kh7 43. d6 Bf6 44. d7 Bd8 45. Ne2 1-0

[Event "Dresden ZMD op"]
[Site "Dresden"]
[Date "2006.08.12"]
[Round "8"]
[White "Kittler, Thorsten"]
[Black "Boettger, Lukas"]
[Result "1/2-1/2"]
[WhiteElo "2304"]
[BlackElo "2079"]
[PlyCount "75"]
[EventDate "2006.08.05"]
[EventType "swiss"]
[EventRounds "9"]
[EventCountry "GER"]
[SourceTitle "CBM 113 Extra"]
[Source "ChessBase"]
[SourceDate "2006.09.14"]
[SourceVersion "1"]
[SourceVersionDate "2006.09.14"]
[SourceQuality "1"]

1. e4 d5 2. exd5 Qxd5 3. Nc3 Qa5 4. d4 Nf6 5. Bd2 Bg4 6. Be2 Bxe2 7. Ngxe2 Nc6 8. Ne4 Qf5 9. Nxf6+ gxf6 10. c3 0-0-0 11. Ng3 Qd5 12. Qg4+ e6 13. Qe4 Be7 14. Qxd5 Rxd5 15. Be3 f5 16. Ne2 Rg8 17. Nf4 Rd7 18. g3 Bd6 19. 0-0-0 Bxf4 20. Bxf4 Ne7 21. Bd2 Nd5 22. b3 Nf6 23. f3 h5 24. Rhg1 Rg6 25. Kc2 Rd8 26. Be3 Rdg8 27. c4 c6 28. a4 Rd8 29. d5 cxd5 30. Bxa7 dxc4 31. Rxd8+ Kxd8 32. bxc4 Kc7 33. Bd4 Nd7 34. Rg2 h4 35. Rg1 hxg3 36. hxg3 e5 37. Be3 Kc6 38. Kc3 1/2-1/2

[Event "Dresden ZMD op"]
[Site "Dresden"]
[Date "2006.08.10"]
[Round "6"]
[White "Kittler, Thorsten"]
[Black "Fehmer, Carsten"]
[Result "1/2-1/2"]
[WhiteElo "2304"]
[BlackElo "2138"]
[PlyCount "56"]
[EventDate "2006.08.05"]
[EventType "swiss"]
[EventRounds "9"]
[EventCountry "GER"]
[SourceTitle "CBM 113 Extra"]
[Source "ChessBase"]
[SourceDate "2006.09.14"]
[SourceVersion "1"]
[SourceVersionDate "2006.09.14"]
[SourceQuality "1"]

1. d4 d6 2. Nf3 f5 3. c4 Nf6 4. g3 g6 5. Nc3 Bg7 6. Bg2 0-0 7. 0-0 Qe8 8. d5 a5 9. Nd4 Na6 10. Be3 Bd7 11. Qd2 Ng4 12. Bf4 c6 13. h3 Nf6 14. Bh6 Nc5 15. Bxg7 Kxg7 16. Kh2 cxd5 17. Nxd5 Nxd5 18. cxd5 Qf7 19. Nb3 b6 20. f4 Nxb3 21. axb3 Qf6 22. Rfe1 Rac8 23. Rac1 Kf7 24. e3 Rxc1 25. Rxc1 Rc8 26. Bf1 Qh8 27. Ba6 Rxc1 28. Qxc1 Qa8 1/2-1/2

[Event "Dresden ZMD op"]
[Site "Dresden"]
[Date "2006.08.09"]
[Round "5"]
[White "Simon, Eric"]
[Black "Kittler, Thorsten"]
[Result "1/2-1/2"]
[WhiteElo "2095"]
[BlackElo "2304"]
[PlyCount "113"]
[EventDate "2006.08.05"]
[EventType "swiss"]
[EventRounds "9"]
[EventCountry "GER"]
[SourceTitle "CBM 113 Extra"]
[Source "ChessBase"]
[SourceDate "2006.09.14"]
[SourceVersion "1"]
[SourceVersionDate "2006.09.14"]
[SourceQuality "1"]

1. d4 Nf6 2. c4 c5 3. d5 d6 4. Nc3 g6 5. e4 Bg7 6. h3 0-0 7. Bg5 h6 8. Be3 Qa5 9. Qd2 Kh7 10. Bd3 a6 11. f4 e6 12. Nf3 exd5 13. cxd5 b5 14. 0-0 b4 15. Ne2 Bb7 16. Ng3 Nbd7 17. h4 Ng4 18. e5 Nxe3 19. Qxe3 Bxd5 20. h5 c4 21. Bc2 Qc5 22. Rae1 Qxe3+ 23. Rxe3 Bxf3 24. Rexf3 dxe5 25. f5 Nf6 26. fxg6+ fxg6 27. Bxg6+ Kg8 28. Nf5 Nd5 29. Nxg7 Kxg7 30. Rf7+ Rxf7 31. Rxf7+ Kg8 32. Rf5 Nb6 33. Rxe5 Rc8 34. Re8+ Rxe8 35. Bxe8 Kf8 36. Bc6 Ke7 37. Kf2 Kd6 38. Be8 Ke5 39. Bc6 Kf4 40. Ke2 a5 41. Bb5 Kg4 42. Be8 Nd5 43. Bf7 Nf4+ 44. Ke3 Nxh5 45. Kd4 c3 46. bxc3 bxc3 47. Kxc3 Nf4 48. Kc4 h5 49. Bxh5+ Kxh5 50. Kb5 Nxg2 51. Kxa5 Ne3 52. a4 Kg6 53. Kb5 Nd5 54. a5 Kf6 55. Kc6 Nb4+ 56. Kc5 Ke6 57. Kxb4 1/2-1/2

[Event "Dresden ZMD op"]
[Site "Dresden"]
[Date "2006.08.07"]
[Round "3"]
[White "Gutt, Oswald"]
[Black "Kittler, Thorsten"]
[Result "1/2-1/2"]
[WhiteElo "2057"]
[BlackElo "2304"]
[PlyCount "61"]
[EventDate "2006.08.05"]
[EventType "swiss"]
[EventRounds "9"]
[EventCountry "GER"]
[SourceTitle "CBM 113 Extra"]
[Source "ChessBase"]
[SourceDate "2006.09.14"]
[SourceVersion "1"]
[SourceVersionDate "2006.09.14"]
[SourceQuality "1"]

1. e4 c5 2. Nf3 Nc6 3. Bb5 a6 4. Bxc6 bxc6 5. 0-0 d5 6. Qe2 e6 7. d3 Nf6 8. a4 Be7 9. e5 Nd7 10. a5 Qc7 11. b3 Rb8 12. Bd2 0-0 13. Ra4 Re8 14. Re1 f6 15. Bf4 fxe5 16. Nxe5 Nxe5 17. Qxe5 Qxe5 18. Bxe5 Rb4 19. Nc3 Bd7 20. Rxb4 cxb4 21. Na4 c5 22. Nb6 Bb5 23. Re3 Rf8 24. Bg3 Kf7 25. Be5 g6 26. Rh3 Kg8 27. Re3 Bc6 28. Bg3 Kf7 29. Rf3+ Ke8 30. Re3 Kf7 31. Rf3+ 1/2-1/2

[Event "BL2-Nord 9899"]
[Site "Germany"]
[Date "1999.03.07"]
[Round "7.5"]
[White "Heuer, Thomas"]
[Black "Kittler, Thorsten"]
[Result "1/2-1/2"]
[WhiteElo "2280"]
[BlackElo "2320"]
[PlyCount "26"]
[EventDate "1998.10.18"]
[EventType "team-tourn"]
[EventRounds "9"]
[EventCountry "GER"]
[SourceTitle "GER-chT2"]
[Source "ChessBase"]
[SourceDate "1999.07.01"]
[SourceVersion "1"]
[SourceVersionDate "1999.07.01"]
[SourceQuality "1"]
[WhiteTeam "Lasker Steglitz"]
[BlackTeam "Hamburger SK II"]
[WhiteTeamCountry "GER"]
[BlackTeamCountry "GER"]

1. Nf3 d5 2. d4 e6 3. c4 c6 4. cxd5 exd5 5. Nc3 Bf5 6. Bf4 Nf6 7. e3 Qb6 8. Qc1 Nbd7 9. h3 Ne4 10. Be2 Be7 11. 0-0 g5 12. Bh2 h5 13. Nxe4 Bxe4 1/2-1/2

[Event "Oberliga Nord N 9798"]
[Site "Germany"]
[Date "1998.??.??"]
[Round "?"]
[White "Hochgraefe, Markus"]
[Black "Kittler, Thorsten"]
[Result "1/2-1/2"]
[WhiteElo "2290"]
[BlackElo "2255"]
[PlyCount "70"]
[EventDate "1997.10.??"]
[EventType "team"]
[EventRounds "9"]
[EventCountry "GER"]
[SourceTitle "EXT 1999"]
[Source "ChessBase"]
[SourceDate "1998.11.16"]
[SourceVersion "1"]
[SourceVersionDate "1998.11.16"]
[SourceQuality "1"]

1. c4 c5 2. Nf3 Nc6 3. Nc3 g6 4. e3 Bg7 5. d4 d6 6. h3 Bd7 7. Be2 a6 8. 0-0 Rb8 9. Qd2 Qa5 10. Rd1 cxd4 11. exd4 Nf6 12. a3 0-0 13. b4 Qc7 14. Bb2 Bf5 15. Rac1 Ne4 16. Qe3 Nxc3 17. Bxc3 Rbd8 18. d5 Nb8 19. Bxg7 Kxg7 20. c5 Rfe8 21. Qf4 Rc8 22. Nd4 Bd7 23. c6 bxc6 24. dxc6 e5 25. cxd7 Qxd7 26. Nf5+ Qxf5 27. Qxf5 gxf5 28. Rxc8 Rxc8 29. Rxd6 Rc1+ 30. Kh2 Rc2 31. Bxa6 Nxa6 32. Rxa6 Rxf2 33. Rc6 f4 34. Kg1 Ra2 35. Rc3 Rb2 1/2-1/2

[Event "Budapest FS10 IM-B"]
[Site "Budapest"]
[Date "1997.10.15"]
[Round "11"]
[White "Pachow, Joerg"]
[Black "Kittler, Thorsten"]
[Result "0-1"]
[WhiteElo "2340"]
[BlackElo "2255"]
[PlyCount "86"]
[EventDate "1997.10.05"]
[EventType "tourn"]
[EventRounds "13"]
[EventCountry "HUN"]
[SourceTitle "CBM 061 Extra"]
[Source "ChessBase"]
[SourceDate "1998.03.09"]
[SourceVersion "1"]
[SourceVersionDate "1998.03.09"]
[SourceQuality "1"]

1. Nf3 Nf6 2. g3 b6 3. Bg2 Bb7 4. 0-0 e6 5. d3 Be7 6. e4 d6 7. a4 a5 8. Re1 Nbd7 9. h3 0-0 10. Nc3 e5 11. Bg5 Nc5 12. Qd2 Ne6 13. Be3 Rb8 14. Rad1 Re8 15. Qe2 Bf8 16. Qf1 Qc8 17. Nd2 Nd7 18. f4 exf4 19. gxf4 c5 20. Nf3 Ba6 21. Qf2 Nc7 22. Kh2 b5 23. axb5 Nxb5 24. Nxb5 Rxb5 25. b3 Qc7 26. Rg1 Bc8 27. Bf1 Rb4 28. Bd2 Rb7 29. Rg5 Be7 30. Rg3 Bf6 31. Be2 Nf8 32. Rdg1 g6 33. Kh1 a4 34. bxa4 Rb2 35. Bd1 c4 36. e5 dxe5 37. fxe5 cxd3 38. cxd3 Bxe5 39. Nxe5 Rxe5 40. Bf3 Rf5 41. Qe3 Rxf3 42. Rxf3 Bb7 43. Rg2 Rb1+ 0-1

[Event "Budapest FS10 IM-B"]
[Site "Budapest"]
[Date "1997.10.14"]
[Round "10"]
[White "Kittler, Thorsten"]
[Black "Farago, Sandor"]
[Result "0-1"]
[WhiteElo "2255"]
[BlackElo "2330"]
[PlyCount "62"]
[EventDate "1997.10.05"]
[EventType "tourn"]
[EventRounds "13"]
[EventCountry "HUN"]
[SourceTitle "CBM 061 Extra"]
[Source "ChessBase"]
[SourceDate "1998.03.09"]
[SourceVersion "1"]
[SourceVersionDate "1998.03.09"]
[SourceQuality "1"]

1. d4 Nf6 2. Nf3 g6 3. g3 Bg7 4. Bg2 d6 5. 0-0 0-0 6. c4 c6 7. Nc3 a6 8. a4 a5 9. h3 Na6 10. e4 Nd7 11. Be3 e5 12. Qd2 exd4 13. Bxd4 Ne5 14. b3 Nc5 15. Rab1 Ne6 16. Bxe5 dxe5 17. Qxd8 Rxd8 18. Rfd1 Bd7 19. b4 axb4 20. Rxb4 Nc5 21. Bf1 f6 22. Ne1 Bf8 23. Rb2 Be6 24. Rxd8 Rxd8 25. Kg2 Kf7 26. Be2 Bh6 27. Nf3 Ke7 28. Ra2 Kd6 29. a5 Ra8 30. Nd2 Kc7 31. Ndb1 Nb3 0-1

[Event "Oberliga Nord N 9697"]
[Site "Germany"]
[Date "1997.??.??"]
[Round "?"]
[White "Kittler, Thorsten"]
[Black "Gottuk, Stefan"]
[Result "0-1"]
[WhiteElo "2225"]
[BlackElo "2285"]
[PlyCount "68"]
[EventDate "1996.10.??"]
[EventType "team"]
[EventRounds "9"]
[EventCountry "GER"]
[SourceTitle "EXT 1998"]
[Source "ChessBase"]
[SourceDate "1997.11.17"]
[SourceVersion "1"]
[SourceVersionDate "1997.11.17"]
[SourceQuality "1"]

1. d4 d5 2. Nf3 e6 3. g3 f5 4. Bg2 Nf6 5. c4 Be7 6. Ne5 c6 7. 0-0 Nbd7 8. f4 Ne4 9. Nd2 Nxe5 10. fxe5 h5 11. Nxe4 dxe4 12. Be3 Qc7 13. Qd2 c5 14. d5 Qxe5 15. Rad1 Bd7 16. d6 Bd8 17. Bf4 Qf6 18. Be3 h4 19. Bxc5 hxg3 20. hxg3 Qg6 21. Bf2 Qh5 22. Rfe1 Bc6 23. e3 g5 24. Kf1 Qh2 25. Qd4 Kf7 26. Bg1 Qh5 27. Re2 Bf6 28. Qd2 Be5 29. Bf2 Qg4 30. b4 Rh2 31. b5 Rxg2 32. bxc6 Rh8 33. Bg1 Qf3+ 34. Rf2 Rxg1+ 0-1

[Event "Casino op 4th"]
[Site "Velden"]
[Date "1996.??.??"]
[Round "3"]
[White "Kittler, Thorsten"]
[Black "Casagrande, Harald"]
[Result "1/2-1/2"]
[WhiteElo "2225"]
[BlackElo "2365"]
[PlyCount "20"]
[EventDate "1996.06.??"]
[EventType "swiss"]
[EventRounds "9"]
[EventCountry "AUT"]
[SourceTitle "EXT 1997"]
[Source "ChessBase"]
[SourceDate "1996.11.15"]
[SourceVersion "1"]
[SourceVersionDate "1996.11.15"]
[SourceQuality "1"]

1. d4 g6 2. Nf3 Bg7 3. g3 b6 4. Bg2 Bb7 5. 0-0 Nf6 6. c4 e6 7. Nc3 0-0 8. Qc2 d5 9. Ne5 c6 10. Rd1 Nbd7 1/2-1/2

[Event "Oberliga Nord N 9697"]
[Site "Germany"]
[Date "1996.??.??"]
[Round "?"]
[White "Kittler, Thorsten"]
[Black "Lamprecht, Frank"]
[Result "0-1"]
[WhiteElo "2225"]
[BlackElo "2400"]
[PlyCount "104"]
[EventDate "1996.10.??"]
[EventType "team"]
[EventRounds "9"]
[EventCountry "GER"]
[SourceTitle "EXT 1998"]
[Source "ChessBase"]
[SourceDate "1997.11.17"]
[SourceVersion "1"]
[SourceVersionDate "1997.11.17"]
[SourceQuality "1"]

1. d4 d5 2. Nf3 e6 3. g3 Nf6 4. Bg2 Be7 5. 0-0 0-0 6. c4 dxc4 7. Ne5 Nc6 8. Bxc6 bxc6 9. Nxc6 Qe8 10. Nxe7+ Qxe7 11. Qa4 c5 12. Qxc4 cxd4 13. Qxd4 e5 14. Qh4 Qe6 15. Nc3 Bb7 16. e4 Rac8 17. f3 Qb6+ 18. Kg2 h6 19. Re1 Rfd8 20. g4 Rd3 21. Qf2 Qe6 22. h3 h5 23. g5 Rcxc3 24. bxc3 Nxe4 25. Qh4 Nd2 26. Bxd2 Rxd2+ 27. Kg3 Qf5 28. Rf1 f6 29. Rf2 Rxf2 30. Qc4+ Kh7 31. Kxf2 Qxf3+ 32. Ke1 Qe3+ 33. Kf1 Qxh3+ 34. Ke2 Qg2+ 35. Ke1 Qg1+ 36. Qf1 Qe3+ 37. Qe2 Qxc3+ 38. Kf2 Qd4+ 39. Kg3 Qf4+ 40. Kh3 Bc8+ 41. Kg2 Qxg5+ 42. Kf2 Qh4+ 43. Kg1 Qd4+ 44. Kh2 Bg4 45. Qc2+ e4 46. Rc1 f5 47. Kg3 Qe3+ 48. Kh2 h4 49. Kg2 Bf3+ 50. Kf1 Be2+ 51. Qxe2 Qxc1+ 52. Kf2 Qf4+ 0-1

[Event "BL2-Nord 8788"]
[Site "Germany"]
[Date "1988.??.??"]
[Round "?.6"]
[White "Kittler, Thorsten"]
[Black "Hegeler, Frank"]
[Result "0-1"]
[WhiteElo "2225"]
[BlackElo "2225"]
[PlyCount "142"]
[EventDate "1987.10.??"]
[EventType "team-tourn"]
[EventRounds "9"]
[EventCountry "GER"]
[SourceTitle "GER-chT2"]
[Source "ChessBase"]
[SourceDate "1999.07.01"]
[SourceVersion "1"]
[SourceVersionDate "1999.07.01"]
[SourceQuality "1"]
[WhiteTeam "Luebeck"]
[BlackTeam "Hamburger SK II"]
[WhiteTeamCountry "GER"]
[BlackTeamCountry "GER"]

1. d4 Nf6 2. Nf3 g6 3. g3 Bg7 4. Bg2 0-0 5. 0-0 d6 6. c4 Nc6 7. Nc3 a6 8. b3 Rb8 9. a4 Na5 10. Ba3 Bg4 11. h3 Bd7 12. Qc2 c6 13. c5 d5 14. Ne5 Be6 15. e3 Nd7 16. f4 Nxe5 17. fxe5 f6 18. exf6 Rxf6 19. Ne2 b6 20. cxb6 Qxb6 21. Bxe7 Rxf1+ 22. Rxf1 Qxb3 23. Qxb3 Rxb3 24. Kf2 Nc4 25. Rc1 Rxe3 26. Rxc4 Rxe2+ 27. Kxe2 dxc4 28. Bc5 Bd5 29. Bf1 Bh6 30. Kd1 Be3 31. Kc2 Bf2 32. g4 Be1 33. Kd1 Ba5 34. Be2 Kf7 35. Ba3 Ke6 36. Bc5 Kf6 37. Kc1 Kg5 38. Be7+ Kf4 39. h4 Ke3 40. Bd1 Kxd4 41. Bf6+ Ke4 42. Bc2+ Kf3 43. h5 Bf7 44. hxg6 Bxg6 45. Bd1+ Ke4 46. Bg5 Kd4 47. Bf6+ Kd3 48. Bc2+ Ke2 49. Bd1+ Ke3 50. Bg5+ Ke4 51. Bc2+ Kd5 52. Bd1 Bb4 53. Bh6 Kd4 54. Bg7+ Kd3 55. Bc2+ Ke3 56. Bh6+ Kf3 57. Bd1+ Ke4 58. Bc2+ Kd4 59. Bd1 Ke4 60. Bc2+ Kd5 61. Bd1 Ba3+ 62. Kd2 Bb2 63. Bf3+ Be4 64. Be2 c3+ 65. Ke1 c2 66. Bxa6 c1Q+ 67. Bxc1 Bxc1 68. Bb7 Ba3 69. Ke2 Bb4 70. Ke3 Bc2 71. g5 Bxa4 0-1